000 00752nam a22002177a 4500
003 UA-OsUOA
001 121046
007 ta
008 20170306b un ||||| |||| 00| 0 ukr d
100 _aБехверхий К.
090 _a657
_bБ55
942 _cSA
040 _aUA-OsUOA
_bukr
_cUA-OsUOA
_dUA-OsUOA
245 _aПорядок складання спрощеного фінансового звіту суб'єкта малого підприємництва
300 _aС.40-51
955 _a0
041 _aukr
080 _a657
773 0 _w121043
_tБухгалтерський облік і аудит
_dК.
_d2016
_g12
650 7 _a657 Бухгалтерія. Бухгалтерський облік. Рахівництво
_2UDC
999 _c407472
_d407472